Dream Academy nationalities! (Katseye) - Statistics

General Stats
  • This quiz has been taken 160 times
    137 since last reset
  • The average score is 28 of 37
Answer Stats
Country % Correct
Lara India
96%
Ezrela India
96%
Lara United States
96%
Megan United States
96%
Daniela United States
96%
Emily United States
96%
Karlee United States
96%
Brooklyn United States
96%
Yoonchae South Korea
95%
Nayoung South Korea
95%
Karlee South Korea
95%
Sophia Philippines
87%
Megan China
84%
Karlee Japan
83%
Mei Japan
83%
UA Japan
83%
Hinari Japan
83%
Manon Switzerland
83%
Megan Sweden
80%
Lexie Sweden
80%
Samara Brazil
76%
Daniela Cuba
76%
Adéla Slovakia
70%
Ezrela Australia
63%
Marquise Thailand
63%
Daniela Venezuela
63%
Celeste Argentina
62%
Manon Ghana
62%
Iliya Belarus
59%
Lara Sri Lanka
56%
Daniela Italy
55%
Manon Italy
55%
Daniela Germany
52%
Lexie Germany
52%
Megan Singapore
46%
Lexie Chile
26%
Lexie Russia
17%
No matching quizzes found
Score Distribution
Percent of People with Each Score
Percentile by Number Answered
Your Score History
You have not taken this quiz since the last reset